Controlling ako nástroj budovania business intelligence a možnosti jeho uplatnenia vo vybranom podniku

Analýza teoretických východísk v oblasti controllingu ako informačnej technológie a ich uplatnenie vo vybranom podniku SR. Systémy, ktoré pokrývajú všetky sféry transakcie informácií. Operatívne a strategické plány, sledovanie, kontrolovanie a porovnávanie so skutočnosťou.

Salvato in:
Dettagli Bibliografici
Autore principale: Dzurenda, Miroslav
Altri autori: Rajnoha, Rastislav
Natura: Capitolo di libro
Lingua:slovacco
Soggetti:
Tags: Aggiungi Tag
Nessun Tag, puoi essere il primo ad aggiungerne!!

MARC

LEADER 00000nla$a2200000$$$4500
001 0142118
005 20220321081834.8
041 0 |a slo 
044 |a SK 
245 1 0 |a Controlling ako nástroj budovania business intelligence a možnosti jeho uplatnenia vo vybranom podniku  |c Miroslav Dzurenda, Rastislav Rajnoha 
520 |a Analýza teoretických východísk v oblasti controllingu ako informačnej technológie a ich uplatnenie vo vybranom podniku SR. Systémy, ktoré pokrývajú všetky sféry transakcie informácií. Operatívne a strategické plány, sledovanie, kontrolovanie a porovnávanie so skutočnosťou. 
610 2 0 |a podnik 
610 2 0 |a riadenie podnikové 
610 2 0 |a nástroje riadenia 
610 2 0 |a procesy podnikové 
610 2 0 |a business intelligence 
610 2 0 |a informácie vnútropodnikové 
610 2 0 |a systémy informačné organizácií 
610 2 0 |a kontroling 
100 1 |a Dzurenda, Miroslav 
700 1 |a Rajnoha, Rastislav